<?xml version="1.0" encoding="UTF-8"?>
<record
    xmlns:xsi="http://www.w3.org/2001/XMLSchema-instance"
    xsi:schemaLocation="http://www.loc.gov/MARC21/slim http://www.loc.gov/standards/marcxml/schema/MARC21slim.xsd"
    xmlns="http://www.loc.gov/MARC21/slim">

  <leader>01818nam a22001817a 4500</leader>
  <controlfield tag="008">140819b        xxu||||| |||| 00| 0 eng d</controlfield>
  <datafield tag="020" ind1=" " ind2=" ">
    <subfield code="a">9781405738132</subfield>
  </datafield>
  <datafield tag="050" ind1=" " ind2=" ">
    <subfield code="a">KD310.H34(5e vol.13)</subfield>
  </datafield>
  <datafield tag="245" ind1=" " ind2=" ">
    <subfield code="a">Halbury's laws of England : Choses in Action Clubs, Commonhold, Commons, Commonwealth, vol. 13. /</subfield>
    <subfield code="c">Lord Mackay.</subfield>
    <subfield code="b">Choses in action Clubs, Commonhold, Commons, Commonwealth. /</subfield>
  </datafield>
  <datafield tag="250" ind1=" " ind2=" ">
    <subfield code="a">5th ed.</subfield>
  </datafield>
  <datafield tag="260" ind1=" " ind2=" ">
    <subfield code="a">London:</subfield>
    <subfield code="b">Lexis Nexis,</subfield>
    <subfield code="c">2009.</subfield>
  </datafield>
  <datafield tag="300" ind1=" " ind2=" ">
    <subfield code="a">614p. :</subfield>
    <subfield code="c">26cm.</subfield>
  </datafield>
  <datafield tag="440" ind1=" " ind2=" ">
    <subfield code="v">vol. 13</subfield>
    <subfield code="p">Choses in action clubs, commonhold, commons, commonwealth. </subfield>
  </datafield>
  <datafield tag="500" ind1=" " ind2=" ">
    <subfield code="a">Includes index.</subfield>
  </datafield>
  <datafield tag="505" ind1=" " ind2=" ">
    <subfield code="a">Contents: How to use Halbury's laws of England -- References and abbreviations -- Table of statutes -- Table of statutory instruments --Table of  European community legislation -- Table of other enactments -- Table of cases -- Volume 13:Choses in Action: table of contents -- Description and classification -- Assignment of choses in action -- Choses in action not capable of assignment -- Clubs: Table of contents -- Constitution, management and property -- Clubs and their members in external relations -- Dissolution of clubs -- Commonhold:Table of contents -- Introduction -- Establishing commonhold -- The division of commonhold -- The operation of commonhold -- Transactions involving commonhol land -- Termination of commonhold -- Commons:Table of contents -- Introduction -- Rights of common and related rights -- Registration of common land -- Rights and duties of freeholder and commoners -- Public rights of access over commons -- Regulation of common and works on commons -- Commonwealth: Table of contents -- The commonwealth association -- Member countries -- Crown dependencies -- British overseas territories -- The extention of english law -- Index.</subfield>
  </datafield>
  <datafield tag="700" ind1=" " ind2=" ">
    <subfield code="a">Mackay, Lord.</subfield>
  </datafield>
  <datafield tag="942" ind1=" " ind2=" ">
    <subfield code="2">lcc</subfield>
    <subfield code="c">BK</subfield>
  </datafield>
  <datafield tag="999" ind1=" " ind2=" ">
    <subfield code="c">3489</subfield>
    <subfield code="d">10989</subfield>
  </datafield>
  <datafield tag="952" ind1=" " ind2=" ">
    <subfield code="0">0</subfield>
    <subfield code="1">0</subfield>
    <subfield code="2">lcc</subfield>
    <subfield code="4">0</subfield>
    <subfield code="7">0</subfield>
    <subfield code="a">WIUC-1</subfield>
    <subfield code="b">WIUC-1</subfield>
    <subfield code="c">LL</subfield>
    <subfield code="d">2014-08-19</subfield>
    <subfield code="l">0</subfield>
    <subfield code="o">KD310.H34(5e vol. 13)</subfield>
    <subfield code="p">1092/80/14</subfield>
    <subfield code="r">2014-08-19 00:00:00</subfield>
    <subfield code="t">1</subfield>
    <subfield code="w">2014-08-19</subfield>
    <subfield code="y">BK</subfield>
  </datafield>
</record>
